000
00281nam a2200097Ia 4500
001
653746
005
20250826154504.0
008
250824s9999 xx 000 0 und d
245
0
_a
MİNİK İZCİLER-1 MAVİ GÖKLER KIZARMIŞ PATATESLER
_c
JUDY DELTON
260
_b
GÜNIŞIĞI YAYINLARI
999
_c
653746
_d
653746